000 00744nam a22001577a 4500
003 LRUA
005 20220830102827.0
008 220830b xxu||||| |||| 00| 0 eng d
040 _cRUA
082 _2VEM PHA 2017 B1-558 Or.
100 _915158
_aPHAN PHANN,ផាន ផាន់ណា
245 _aCASE OF SUCKLING PIGLET DIARRHEA AT CP FARM AT PHNOM SROUCH DISTRICT,KAMPONG SPEU PROVINCE,ករណីកូនរាគជ្រូកក្នុងអំឡុងពេលបំបៅដោះនៅក្នុងកសិដ្ឋាន ស៊ី ភី នៅស្រុកភ្នំស្រួច ខេត្តកំពង់ស្ពឺ
260 _aphnom penh
_brua
_c2017
300 _aix.53p.
_bill.
_c29cm.
942 _2ddc
_cVEM
999 _c20398
_d20398